Loading...
History - European History | 1 | 1 | 0 | 0 | 25 | 57 | 90.50 | 1 | 2 |
History - American History | 0 | 2 | 1 | 2 | 15 | 110 | 127.50 | 0 | 0 |
Fine Arts - Auditory Fine Arts | 0 | 1 | 0 | 1 | 10 | 127 | 127.00 | 0 | 0 |
History - World History | 0 | 1 | 0 | 1 | 10 | 128 | 128.00 | 0 | 0 |
Literature - World Literature | 0 | 1 | 0 | 0 | 10 | 108 | 108.00 | 0 | 0 |
Religion | 0 | 1 | 0 | 1 | 10 | 126 | 126.00 | 0 | 0 |
Social Science | 0 | 1 | 0 | 1 | 10 | 130 | 130.00 | 0 | 0 |
Fine Arts - Visual Fine Arts | 0 | 0 | 0 | 0 | 0 | 0.00 | 0 | 0 | |
Philosophy | 0 | 0 | 0 | 0 | 0 | 0.00 | 0 | 0 | |
Literature - American Literature | 0 | 0 | 0 | 0 | 0 | 0.00 | 0 | 0 | |
Literature - British Literature | 0 | 0 | 0 | 0 | 0 | 0.00 | 0 | 0 |